LIBRARY & INFORMATION CENTRE, KCAET, TAVANUR

ONLINE PUBLIC ACCESS CATALOGUE (OPAC)

Text book on integral calculus and elementary differential equations / (Record no. 2947)

MARC details
000 -LEADER
fixed length control field 00465cam a2200169ua 4500
082 ## - DEWEY DECIMAL CLASSIFICATION NUMBER
Classification number 515.43
Item number PRA/TE
100 ## - MAIN ENTRY--AUTHOR NAME
Personal name Prasad, Gorakh .
245 ## - TITLE STATEMENT
Title Text book on integral calculus and elementary differential equations /
250 ## - EDITION STATEMENT
Edition statement 8 /
260 ## - PUBLICATION, DISTRIBUTION, ETC. (IMPRINT)
Place of publication Allahabad :
Name of publisher Pothisala Private Limited ,
Year of publication 1964.
300 ## - PHYSICAL DESCRIPTION
Number of Pages 320 ; .
942 ## - ADDED ENTRY ELEMENTS (KOHA)
Koha item type Books
Holdings
Withdrawn status Lost status Damaged status Home library Current library Date acquired Full call number Accession Number Koha item type
Withdrawn     KAUAET KAUAET 07/04/2012 515.43 8123 Books
free website counter